Statistics for UK Duck Species by Picture

Click here to take the quiz!

General Stats

  • This quiz has been taken 28 times
  • The average score is 8 of 15

Answer Stats

Answer% Correct
Mallard
100%
Goldeneye
71%
Eider
62%
Mandarin
62%
Pintail
57%
Long-tailed duck
52%
Ruddy duck
48%
Shoveler
48%
Teal
48%
Wigeon
48%
Pochard
43%
Tufted duck
43%
Goosander
38%
Shelduck
33%
Smew
33%

Score Distribution

Percentile by Number Answered

Percent of People with Each Score

Your Score History

You have not taken this quiz